The case of Peter Pan: or the impossibility of children`s fiction

保存先:
書誌詳細
第一著者: Rose, Jacqueline (著者)
フォーマット: 図書
言語:英語
出版事項: Filadelfia University of Pennsylvania Press 1993
シリーズ:New Cultural Studies
主題:
タグ: タグ追加
タグなし, このレコードへの初めてのタグを付けませんか!

MARC

LEADER 00000nam a2200000 a 4500
001 UCX9443
003 CL-VaPUC
008 940607e19930000US |||||||||||||||||eng|d
082 0 4 |a 823.09  |b ROS  |2 21 
100 0 |a Rose, Jacqueline  |e author  |9 326827 
245 1 4 |a The case of Peter Pan: or the impossibility of children`s fiction 
300 |a 181 p 
942 |c BK 
945 |d 19940607 00:00:00  |a oaravena 
260 |a Filadelfia  |b University of Pennsylvania Press  |c 1993 
600 0 7 |a BARRE, J. M  |2 CL-VaPUC  |9 326828 
650 0 |a Cuentos infantiles  |9 308044 
650 0 |a Historia y crítica   |9 257407 
583 |a last modification  |c 19940607 00:00:00  |k Rodrigo Vera 
490 0 |a New Cultural Studies 
999 |c 228677  |d 228675 
952 |0 0  |1 0  |4 0  |6 823_090000000000000_ROS_1993  |7 0  |8 P  |9 229031  |a BIBEDU  |b BIBEDU  |c BIBEDU_PB  |d 2019-11-15  |i 2976072  |l 1  |m 1  |o 823.09 ROS 1993  |p 2976072  |r 2024-01-25  |s 2023-08-23  |w 2019-11-15  |y BK  |k EDU